| 000 | 00858nas a2200265 4500 | ||
|---|---|---|---|
| 001 | BR8205687 | ||
| 003 | BR-BrBNA | ||
| 005 | 20231205085259.0 | ||
| 007 | ta | ||
| 008 | 230509b bl.|||p| |||| 00| 00por d | ||
| 040 |
_aBR-BrBNA _bpor _cBiblioteca Nacional de Agricultura |
||
| 041 | _a(Pt) | ||
| 072 | _aF60; F00 | ||
| 100 | 1 | _aOrellana, A.P. | |
| 100 | 1 | _aHaag, H.P. | |
| 245 | 1 | _aNutricao mineral de Andropogon gayanus Kunth var. Bisquamulatus (Hochst)Hack. 3. Nivel critico de fosforo [capim andropogon] | |
| 650 | _aCAPIM ANDROPOGON | ||
| 650 | _aNUTRICAO VEGETAL | ||
| 650 | _aFOSFORO | ||
| 650 | _aESTUFA | ||
| 650 | _aMATERIA SECA | ||
| 773 | 0 |
_tAnais da Escola Superior de Agricultura Luiz de Queiroz (Brazil) _xISSN 0071-1276 _g(1982), v. 39(1) p. 49-75 _wBR8205687 |
|
| 909 |
_a202311 _bLúcia _c55 _dLúcia Elande |
||
| 942 |
_2AGRIS _n0 _cANA |
||
| 999 |
_c110449 _d110449 |
||